| 000 | 01877cad a22003255a 4500 | ||
|---|---|---|---|
| 001 | L158561 | ||
| 008 | 131031s2015 xxk f f 001 0 eng d | ||
| 020 | _a9781783211050 | ||
| 035 | _a(Sirsi) u158561 | ||
| 041 | 0 | _aeng | |
| 050 | 0 | 4 | _a333.332 $2 18 |
| 110 | 2 |
_aRoyal Institution of Chartered Surveyors _94900 |
|
| 240 | 0 | 0 | _aRed Book |
| 245 | 0 | 0 |
_aRICS Valuation - Professional Standards UK _bJanuary 2014 (revised April 2015) _h[electronic resource] _c[old edition] |
| 260 |
_aLondon _bRICS _c2015 |
||
| 300 | _a216 p. | ||
| 490 | 0 | _aRICS Guidance Note | |
| 490 | 0 | _aRICS Valuation Standards | |
| 490 | 0 | _aRICS Professional Standards Global and UK | |
| 505 | 2 | _aRICS UK Valuation Standards -- RICS UK Appendices -- RICS UK guidance notes | |
| 520 | _aThe UK and global portions are now issued separately. APRIL 2015 UPDATE: RICS Valuation Standards as they apply in the UK have been updated with effect from the date of publication on 27 April 2015. The RICS UK Valuation Standards are national valuation standards and supporting guidance to be read in conjunction with the global RICS Valuation - Professional Standards January 2014. | ||
| 520 | _aThe RICS material included in the January 2014 edition took effect from 6 January 2014 and applies to all valuations where the valuation date is on or after that day. | ||
| 520 | _aIt replaces UK part of the RICS Red Book 2014 (L158006). Effective until 13 January 2019 Superseded by RICS Valuation Global Standards 2017 UK National Supplement ISBN 9781783213276 | ||
| 650 | 2 | 4 | _aRICS VALUATION STANDARDS |
| 651 | 4 | _aUnited Kingdom | |
| 690 |
_aValuation _96273 |
||
| 856 | 4 | 0 |
_uhttps://www.isurv.com/downloads/file/6461/archive_rics_valuation_%E2%80%93_professional_standards_january_2014_uk_revised_april_2015 _zArchived on iSurv (subscription required) |
| 942 |
_n0 _2ddc |
||
| 999 |
_c115384 _d115384 |
||
| 490 | _aRICS Red Book | ||